000 01196cam a2200325 i 4500
001 20448
003 Mx-PuUPA
005 20260206185445.0
008 140415s2006 mx gr 000 0 spa d
020 _a9703237932
020 _a9789703237937
040 _aMx-PuUPA
_bspa
_cMx-PuUPA
_dMx-PuUPA
_erda
041 0 _aspa
043 _an-mx---
100 1 _9844
_aCruz Barney, Oscar,
_eautor
245 1 3 _aEl consulado de Comercio de Puebla :
_brégimen jurídico, historia y documentos 1821 - 1824 /
_cÓscar Cruz Barney
250 _aPrimera edición
264 1 _aMéxico, D.F. :
_bUniversidad Nacional Autónoma de México : Instituto de Investigaciones Jurídicas,
_c©2006
300 _aix, 202 páginas ;
_c22 cm
336 _2rdacontent
_atexto
_btxt
337 _2rdamedia
_asin medio
_bn
338 _2rdacarrier
_avolumen
_bnc
490 0 _aDoctrina Jurídica ;
_v30
650 7 _2armarc
_aDerecho comercial
_zMéxico
_zPuebla (Estado)
_xHistoria
650 7 _2armarc
_aDerecho comercial
_zPuebla
_xHistoria
_ySiglo XIX
651 4 _aPuebla
_xComercio
_xHistoria
_ySiglo XIX
942 _2ddc
_cLI
_h346.724807
_iC55
999 _c20448
_d20448